[Event "European zonal D"]
[Site "Pula CRO"]
[Date "1975.11.09"]
[Round "13"]
[White "Hazai, Laszlo"]
[Black "Csom, Istvan"]
[Result "0-1"]
[WhiteElo "2420"]
[BlackElo "2530"]
[EventDate "1975.10.22"]
[PlyCount "80"]

1.e4 c5 2.Nc3 Nc6 3.g3 g6 4.Bg2 Bg7 5.d3 d6 6.Bg5 b6 7.Nf3 Bb7 8.O-O Qd7 
9.Qd2 e5 10.Nh4 Nd4 11.Be3 Ne7 12.f4 f6 13.Rf2 exf4 14.gxf4 f5 15.Nd5 fxe4
16.dxe4 Bxd5 17.exd5 Qg4 18.Nf3 Nxf3+ 19.Rxf3 Nf5 20.c3 O-O 21.Bf2 Rfe8 
22.Re1 Rxe1+ 23.Qxe1 Kf8 24.Qe6 Re8 25.Qd7 Re7 26.Qc8+ Kf7 27.Qa6 Bf6 28.
Qd3 Bh4 29.h3 Bxf2+ 30.Rxf2 Qh4 31.Qf3 Re1+ 32.Rf1 Re3 33.Qf2 Rg3 34.Re1 
Qxh3 35.Qe2 Kg7 36.Qe4 Qh4 37.Re2 Rg4 38.Rf2 Qg3 39.Qe8 Qe3 40.Qd7+ Kh6 
0-1

[Event "European zonal D"]
[Site "Pula CRO"]
[Date "1975.11.09"]
[Round "13"]
[White "Hug, Werner"]
[Black "Knaak, Rainer"]
[Result "1/2-1/2"]
[WhiteElo "2420"]
[BlackElo "2510"]
[EventDate "1975.10.22"]
[PlyCount "60"]

1.Nf3 g6 2.e4 d6 3.d4 Nf6 4.Nc3 Bg7 5.Be2 O-O 6.O-O Bg4 7.Be3 Nc6 8.Qd2 
Re8 9.h3 Bxf3 10.Bxf3 e5 11.dxe5 Nxe5 12.Be2 Nc6 13.Bd3 Qd7 14.Rae1 a6 15.
Bg5 b5 16.Nd5 Nxd5 17.exd5 Ne5 18.b3 Nxd3 19.Qxd3 Rac8 20.Bd2 c5 21.dxc6 
Qxc6 22.c4 bxc4 23.bxc4 Rxe1 24.Rxe1 Be5 25.Rc1 Qc5 26.Be3 Qb4 27.Bd4 Bxd4
28.Qxd4 Qa3 29.Rc2 Re8 30.Kh2 Qc5 1/2-1/2

[Event "European zonal D"]
[Site "Pula CRO"]
[Date "1975.11.09"]
[Round "13"]
[White "Padevsky, Nikola"]
[Black "Stull, Norbert"]
[Result "1-0"]
[WhiteElo "2480"]
[BlackElo "2260"]
[EventDate "1975.10.22"]
[PlyCount "91"]

1.c4 Nf6 2.g3 g6 3.Bg2 Bg7 4.Nc3 O-O 5.e3 e5 6.Nge2 d6 7.O-O Nbd7 8.d3 Re8
9.Rb1 a5 10.a3 Nf8 11.h3 c6 12.e4 Ne6 13.Be3 Nh5 14.d4 Qf6 15.d5 Nd4 16.
Nc1 Qe7 17.Nd3 f5 18.exf5 Bxf5 19.dxc6 bxc6 20.Ne4 d5 21.cxd5 cxd5 22.Nc3 
e4 23.Nxd5 Qb7 24.N5f4 Nxf4 25.Nxf4 Nf3+ 26.Kh1 Red8 27.Qe2 Rac8 28.b4 
axb4 29.axb4 Nd4 30.Qa2+ Kh8 31.Rfd1 Ra8 32.Qc4 Nb5 33.Rxd8+ Rxd8 34.Rc1 
Rc8 35.Qd5 Rxc1+ 36.Bxc1 Qxd5 37.Nxd5 h5 38.h4 Nd4 39.Be3 Nc2 40.Bc5 Be5 
41.b5 Kg7 42.b6 Kf7 43.b7 Bb8 44.Ne3 Nxe3 45.Bxe3 Ke7 46.Bf4 1-0

[Event "European zonal D"]
[Site "Pula CRO"]
[Date "1975.11.09"]
[Round "13"]
[White "Pritchett, Craig William"]
[Black "Bukic, Enver"]
[Result "1/2-1/2"]
[WhiteElo "2390"]
[BlackElo "2455"]
[EventDate "1975.10.22"]
[PlyCount "81"]

1.e4 c5 2.Nf3 d6 3.d4 cxd4 4.Nxd4 Nf6 5.Nc3 a6 6.Be3 e6 7.Be2 Nbd7 8.O-O 
Qc7 9.a4 b6 10.f4 Bb7 11.Bf3 Be7 12.Qe2 O-O 13.Bf2 Rfe8 14.Nb3 Bf8 15.Kh1 
e5 16.Qd2 exf4 17.Qxf4 Ne5 18.Rae1 Nxf3 19.Qxf3 h6 20.Bd4 Re6 21.Qd3 Qe7 
22.Bxf6 Rxf6 23.Nd5 Rxf1+ 24.Rxf1 Qe5 25.c3 Re8 26.Nd2 Bxd5 27.exd5 Qe2 
28.Qxe2 Rxe2 29.Rd1 b5 30.axb5 axb5 31.Kg1 Re8 32.Kf2 g6 33.Re1 Rc8 34.Ra1
Bg7 35.Ne4 b4 36.cxb4 Rc2+ 37.Kf3 Be5 38.Ra6 Rxb2 39.Nxd6 Bxd6 40.Rxd6 
Rxb4 41.Rc6 1/2-1/2

[Event "European zonal D"]
[Site "Pula CRO"]
[Date "1975.11.09"]
[Round "13"]
[White "Urzica, Aurel"]
[Black "Augustin, Josef"]
[Result "0-1"]
[WhiteElo "2250"]
[BlackElo "2370"]
[EventDate "1975.10.22"]
[PlyCount "80"]

1.e4 c6 2.d4 d5 3.Nd2 g6 4.h3 Bg7 5.Ngf3 h6 6.c3 Be6 7.Bd3 Nf6 8.e5 Nfd7 
9.O-O c5 10.b4 c4 11.Bc2 Nf8 12.b5 Qc8 13.Re1 Bf5 14.Bxf5 Qxf5 15.a4 Qd7 
16.Ba3 Ne6 17.Nf1 a6 18.b6 Nc6 19.Ne3 Nf4 20.Nd2 h5 21.Qf3 Bh6 22.h4 g5 
23.hxg5 Bxg5 24.g3 Nd3 25.Re2 O-O-O 26.Qf5 Qxf5 27.Nxf5 Rdg8 28.Kg2 h4 29.
Nf1 hxg3 30.fxg3 Kd7 31.Kf3 Ke6 32.N5e3 Rh1 33.Ng4 Rgh8 34.Nf2 Rg1 35.Nxd3
cxd3 36.Rg2 Rxg2 37.Kxg2 Na5 38.Rd1 Nc4 39.Bc1 d2 40.Bxd2 Bxd2 0-1

[Event "European zonal D"]
[Site "Pula CRO"]
[Date "1975.11.10"]
[Round "14"]
[White "Barle, Janez"]
[Black "Pritchett, Craig William"]
[Result "1/2-1/2"]
[WhiteElo "2330"]
[BlackElo "2390"]
[EventDate "1975.10.22"]
[PlyCount "83"]

1.d4 Nf6 2.c4 e6 3.Nc3 Bb4 4.e3 b6 5.Ne2 Ba6 6.a3 Bxc3+ 7.Nxc3 d5 8.b3 O-O
9.Be2 Qd7 10.Bb2 dxc4 11.bxc4 Nc6 12.Qa4 Na5 13.Qxd7 Nxd7 14.Nb5 Rfc8 15.
Bc3 Nb7 16.O-O c5 17.a4 cxd4 18.exd4 Bxb5 19.axb5 Nd6 20.Bf3 Rab8 21.Rxa7 
Nf6 22.d5 Nxb5 23.cxb5 Rxc3 24.dxe6 fxe6 25.Bc6 Rc5 26.Re1 e5 27.h3 e4 28.
Rea1 h5 29.Re7 Rd8 30.Rb7 Rd2 31.Rxb6 Rdc2 32.Rb8+ Kh7 33.Rb7 Kh6 34.Rb1 
h4 35.Re7 Rc1+ 36.Rxc1 Rxc1+ 37.Kh2 Rb1 38.g4 hxg3+ 39.Kxg3 Rb2 40.Re5 
Nh5+ 41.Kh4 g6 42.f4 1/2-1/2

[Event "European zonal D"]
[Site "Pula CRO"]
[Date "1975.11.10"]
[Round "14"]
[White "Bellon Lopez, Juan Manuel"]
[Black "Hug, Werner"]
[Result "1/2-1/2"]
[WhiteElo "2415"]
[BlackElo "2420"]
[EventDate "1975.10.22"]
[PlyCount "154"]

1.e4 e6 2.Nf3 c5 3.d4 cxd4 4.Nxd4 Nc6 5.Nb5 d6 6.c4 Nf6 7.N1c3 a6 8.Na3 
Be7 9.Be2 O-O 10.O-O Bd7 11.Be3 b6 12.Rc1 Rb8 13.f3 Rb7 14.Qe1 Qb8 15.Qf2 
Nb4 16.Rfd1 Rc8 17.Qf1 Be8 18.Nab1 Nc6 19.Kh1 h6 20.a3 Ne5 21.f4 Ng6 22.a4
Nd7 23.Na3 Nc5 24.Bh5 Nxa4 25.Nxa4 Bxa4 26.Re1 Kh7 27.Nc2 Bf6 28.Nd4 Bxd4 
29.Bxd4 Nxf4 30.Qxf4 e5 31.Qg3 exd4 32.Rf1 Be8 33.Qd3 Kg8 34.Qxd4 Rc5 35.
Be2 a5 36.Rfd1 Rd7 37.b4 axb4 38.Rb1 Rd8 39.Rxb4 Qc7 40.Rdb1 Rb8 41.Qb2 
Kf8 42.Rb3 Re5 43.Bd3 Bc6 44.Qd4 Rbe8 45.Re1 Kg8 46.Qxb6 Qxb6 47.Rxb6 Bxe4
48.Bxe4 Rxe4 49.Rxe4 Rxe4 50.Kg1 Re6 51.Rb7 g5 52.Kf2 Kf8 53.Rc7 Ke8 54.c5
d5 55.c6 d4 56.Rc8+ Ke7 57.c7 Kd7 58.Rd8+ Kxc7 59.Rxd4 Rd6 60.Rc4+ Kd7 61.
h4 Ke6 62.hxg5 hxg5 63.Rc5 Rd5 64.Rc3 Kf5 65.Rf3+ Kg6 66.g4 f6 67.Ra3 Kf7 
68.Kg3 Ke6 69.Kf3 Rd4 70.Ra6+ Ke5 71.Ra5+ Rd5 72.Ra3 Rb5 73.Re3+ Kd5 74.
Rd3+ Kc5 75.Ra3 Rb4 76.Ra5+ Kd4 77.Ra3 Rc4 1/2-1/2

[Event "European zonal D"]
[Site "Pula CRO"]
[Date "1975.11.10"]
[Round "14"]
[White "Knaak, Rainer"]
[Black "Padevsky, Nikola"]
[Result "0-1"]
[WhiteElo "2510"]
[BlackElo "2480"]
[EventDate "1975.10.22"]
[PlyCount "56"]

1.d4 d5 2.c4 e6 3.Nc3 c5 4.cxd5 exd5 5.e4 dxe4 6.d5 Nf6 7.Bg5 Be7 8.Bb5+ 
Nfd7 9.Be3 O-O 10.d6 Bg5 11.Nge2 Bxe3 12.fxe3 a6 13.Ba4 Ne5 14.Nxe4 Nc4 
15.Qd5 Nxe3 16.Qxc5 Nxg2+ 17.Kd2 Qh4 18.Bc2 Qh6+ 19.Kd3 Bg4 20.Qf2 Nc6 21.
Qxg2 Nb4+ 22.Kc3 Qe3+ 23.Kxb4 a5+ 24.Kc4 Be6+ 25.Kb5 Bd7+ 26.Kc4 Rac8+ 27.
Kd5 Bc6+ 28.Ke5 Rfe8+ 0-1

[Event "European zonal D"]
[Site "Pula CRO"]
[Date "1975.11.12"]
[Round "15"]
[White "Borngasser, Rene"]
[Black "Csom, Istvan"]
[Result "1/2-1/2"]
[WhiteElo "2365"]
[BlackElo "2530"]
[EventDate "1975.10.22"]
[PlyCount "22"]

1.e4 c5 2.Nf3 d6 3.d4 Nf6 4.Nc3 cxd4 5.Nxd4 Nc6 6.Bc4 Qb6 7.Nb3 e6 8.O-O 
a6 9.a4 Be7 10.Be3 Qc7 11.Bd3 e5 1/2-1/2

[Event "European zonal D"]
[Site "Pula CRO"]
[Date "1975.11.12"]
[Round "15"]
[White "Padevsky, Nikola"]
[Black "Bellon Lopez, Juan Manuel"]
[Result "1/2-1/2"]
[WhiteElo "2480"]
[BlackElo "2415"]
[EventDate "1975.10.22"]
[PlyCount "20"]

1.e4 c5 2.Nf3 Qc7 3.c3 d6 4.Bb5+ Bd7 5.Bxd7+ Nxd7 6.O-O Ngf6 7.Re1 e5 8.d3
g6 9.c4 Bg7 10.Nc3 O-O 1/2-1/2

[Event "European zonal D"]
[Site "Pula CRO"]
[Date "1975.11.12"]
[Round "15"]
[White "Stull, Norbert"]
[Black "Knaak, Rainer"]
[Result "0-1"]
[WhiteElo "2260"]
[BlackElo "2510"]
[EventDate "1975.10.22"]
[PlyCount "80"]

1.e4 c5 2.Nf3 e6 3.c3 Nf6 4.e5 Nd5 5.Bc4 d6 6.O-O dxe5 7.Nxe5 Bd6 8.d4 O-O
9.Nd2 cxd4 10.cxd4 Qc7 11.Qe2 Nc6 12.Nxc6 bxc6 13.Nf3 Rb8 14.Be3 Nxe3 15.
fxe3 c5 16.d5 exd5 17.Bxd5 Bg4 18.h3 Bh5 19.g4 Bg6 20.Nh4 Be5 21.Nxg6 Rxb2
22.Rxf7 Rxf7 23.Bxf7+ Qxf7 24.Nxe5 Rxe2 25.Nxf7 Kxf7 26.Rc1 Rxe3 27.Rxc5 
Rxh3 28.Rc7+ Kf6 29.g5+ Kg6 30.Rxa7 Rg3+ 31.Kh2 Rxg5 32.a4 Kh5 33.Rb7 Rg4 
34.a5 h6 35.a6 g5 36.a7 Ra4 37.Kg3 Ra3+ 38.Kg2 Kh4 39.Kf1 h5 40.Rc7 g4 0-1

[Event "European zonal D"]
[Site "Pula CRO"]
[Date "1975.11.12"]
[Round "15"]
[White "Urzica, Aurel"]
[Black "Barle, Janez"]
[Result "0-1"]
[WhiteElo "2250"]
[BlackElo "2330"]
[EventDate "1975.10.22"]
[PlyCount "92"]

1.e4 e5 2.Nf3 Nc6 3.Bb5 a6 4.Ba4 Nf6 5.O-O b5 6.Bb3 d6 7.c3 Be7 8.h3 O-O 
9.d4 Nd7 10.Re1 Na5 11.Bc2 c5 12.Nbd2 cxd4 13.cxd4 Nc6 14.Nb3 a5 15.Be3 
Nb6 16.Nbd2 Bf6 17.d5 Nb4 18.a3 Nxc2 19.Bxb6 Qxb6 20.Qxc2 Bd7 21.Nf1 Be7 
22.Ne3 g6 23.Rac1 Rac8 24.Qd2 f5 25.exf5 gxf5 26.Rcd1 Bf6 27.Nf1 f4 28.Qd3
Kh8 29.N1d2 Rg8 30.Ne4 Be7 31.Nfd2 Rg6 32.Kh2 Rcg8 33.Rg1 Bh4 34.Qe2 Bf5 
35.Nf3 Be7 36.Rd2 Rh6 37.Ne1 Qd8 38.Qd3 Qd7 39.Rh1 Bg4 40.Rc2 f3 41.Qe3 
fxg2 42.Qxh6 gxh1=Q+ 43.Kxh1 Rg6 44.Qe3 Bxh3 45.Rc3 Qg4 46.Ng3 Bg5 0-1